| 000 | 01014nam a22002657a 4500 | ||
|---|---|---|---|
| 999 |
_c102101 _d102101 |
||
| 005 | 20230622155042.0 | ||
| 010 | _a1617EN ENG-116832 | ||
| 020 |
_a9788131520444 _c925.00 |
||
| 035 | _aB-650692-700 | ||
| 035 | _aEN-100364 | ||
| 035 | _aB-667479 | ||
| 037 |
_adpl _bBSB |
||
| 037 | _bDBAD/PUB | ||
| 082 | _a624.17 | ||
| 100 | _aKassimali, Aslam | ||
| 245 |
_aStructural analysis/ _cby Aslam Kassimali |
||
| 250 | _a5th ed | ||
| 260 |
_aDelhi _bCengage Learning _c2016 (repr.) |
||
| 270 |
_a418,F.I.E.Patparganj _b Delhi _e110092 _l- _m- |
||
| 300 |
_axvii,813p. : _c27cm(pbk) _bill |
||
| 500 | _aIncludes index | ||
| 942 |
_2ddc _cEN _mKAS _h624.17 |
||